Catálogo

Grant manual de disección / (Registro nro. 69328)

Detalles MARC
000 -LEADER
fixed length control field 02119cam a2200493 i 4500
001 - CONTROL NUMBER
control field 69328
003 - CONTROL NUMBER IDENTIFIER
control field Mx-PuUPA
005 - DATE AND TIME OF LATEST TRANSACTION
control field 20210118220443.0
006 - FIXED-LENGTH DATA ELEMENTS--ADDITIONAL MATERIAL CHARACTERISTICS
fixed length control field m fo d
007 - PHYSICAL DESCRIPTION FIXED FIELD--GENERAL INFORMATION
fixed length control field cr mn aaaaa
008 - FIXED-LENGTH DATA ELEMENTS--GENERAL INFORMATION
fixed length control field 160518s2013 sp a o 001 0 spa d
020 ## - INTERNATIONAL STANDARD BOOK NUMBER
International Standard Book Number 9788415419860
-- 8415419864
035 ## - SYSTEM CONTROL NUMBER
System control number (E000000142)E000000142
040 ## - CATALOGING SOURCE
Original cataloging agency UtOrBLW
Transcribing agency UtOrBLW
Language of cataloging spa
Modifying agency Mx-PuUPA
Description conventions rda
041 1# - LANGUAGE CODE
Language code of text/sound track or separate title spa
Language code of original eng
050 #4 - LIBRARY OF CONGRESS CALL NUMBER
Classification number QM34
Item number .G7518 2013
060 #4 - NATIONAL LIBRARY OF MEDICINE CALL NUMBER
Classification number QS 130
Item number T165g 2013a
082 04 - DEWEY DECIMAL CLASSIFICATION NUMBER
Edition number 23
100 1# - MAIN ENTRY--PERSONAL NAME
Personal name Tank, Patrick W.,
Dates associated with a name 1950-
Relator term autor
240 10 - UNIFORM TITLE
Uniform title Grant's dissector.
Language of a work Español
245 10 - TITLE STATEMENT
Title Grant manual de disección /
Statement of responsibility, etc. Patrick W. Tank ; traducción, Jorge Alfredo Gerardo García Tay
246 10 - VARYING FORM OF TITLE
Title proper/short title Manual de disección
250 ## - EDITION STATEMENT
Edition statement 15a. edición
264 #1 - PRODUCTION, PUBLICATION, DISTRIBUTION, MANUFACTURE, AND COPYRIGHT NOTICE
Place of production, publication, distribution, manufacture Barcelona :
Name of producer, publisher, distributor, manufacturer Wolters Kluwer/Lippincott Williams & Wilkins,
Date of production, publication, distribution, manufacture, or copyright notice ©2013
300 ## - PHYSICAL DESCRIPTION
Extent 1 recurso en línea (xiv, 285 páginas) :
Other physical details ilustraciones (color)
336 ## - CONTENT TYPE
Fuente rdacontent
Content type term texto
Content type code txt
337 ## - MEDIA TYPE
Source rdamedia
Media type term computadora
Media type code c
338 ## - CARRIER TYPE
Source rdacarrier
Carrier type term remoto
Carrier type code cr
347 ## - DIGITAL FILE CHARACTERISTICS
Source rda
File type archivo de imagen
Encoding format PDF
504 ## - BIBLIOGRAPHY, ETC. NOTE
Bibliography, etc. note Incluye índice.
506 ## - RESTRICTIONS ON ACCESS NOTE
Terms governing access Acceso exclusivo para la comunidad UPAEP vigente.
533 ## - REPRODUCTION NOTE
Type of reproduction Reproducción electrónica.
Place of reproduction New York, N.Y. :
Agency responsible for reproduction Ovid Technologies, Inc.
Note about reproduction Disponible a través de World Wide Web.
588 ## - SOURCE OF DESCRIPTION NOTE
Source of description note Recurso en línea; título de la página de título del PDF (OvidEspañol, consultado el 05 de enero de 2021).
650 12 - SUBJECT ADDED ENTRY--TOPICAL TERM
Topical term or geographic name entry element Disección
Form subdivision Manuales de laboratorio
650 #0 - SUBJECT ADDED ENTRY--TOPICAL TERM
Topical term or geographic name entry element Disección humana
Form subdivision Manuales de laboratorio
655 ## - INDEX TERM--GENRE/FORM
Genre/form data or focus term Libros electrónicos
700 1# - ADDED ENTRY--PERSONAL NAME
Personal name Grant, J. C. Boileau,
Fuller form of name (John Charles Boileau),
Dates associated with a name 1886-1973,
Relator term autor
700 1# - ADDED ENTRY--PERSONAL NAME
Personal name García Tay, Jorge Alfredo Gerardo,
Relator term traductor
710 2# - ADDED ENTRY--CORPORATE NAME
Corporate name or jurisdiction name as entry element Ovid Technologies, Inc.
765 08 - ORIGINAL LANGUAGE ENTRY
Relationship information Traducción de (obra):
Main entry heading Tank, Patrick W., 1950-
Title Grant's dissector.
856 40 - ELECTRONIC LOCATION AND ACCESS
Host name E-Books (Ovid)
Uniform Resource Identifier http://ezproxy.upaep.mx:2048/login?url=http://ovides.ovid.com/Pages/book.aspx?isbn=9788415419860
Link text Acceso a través de OvidEspañol
Public note -- Usar ID / contraseña de UNISOFT
942 ## - ADDED ENTRY ELEMENTS (KOHA)
Source of classification or shelving scheme Dewey Decimal Classification
Koha item type Digital
Classification part 611

No hay ítems disponibles.